| 000 | 01188cam a22003377a 4500 | ||
|---|---|---|---|
| 003 | CHAP | ||
| 005 | 20220817043821.0 | ||
| 008 | 010920d2001 mx r 00110 spa d | ||
| 010 | _a85214 | ||
| 011 | _a86186 | ||
| 035 | _a96724 | ||
| 040 | _cCHAP | ||
| 090 | _aTesis | ||
| 100 | 0 | 0 |
_aCruz Hernández, Sergio. _929439 |
| 245 | 1 | 0 |
_aEvaluación del desarrollo sustentable y de la transformación productiva en la región montaña de Guerrero _c/por Sergio Cruz Hernández |
| 260 |
_aChapingo, Méx. : _bEl autor, _c2001. |
||
| 300 |
_a160 h. ; _bgráfs. |
||
| 502 | _aTesis (Ing. Agr. Esp. en Suelos) -- UACH. Departamento de Suelos | ||
| 590 |
_aALEPH _b10 _c20130110 _lUCH01 _h1445 |
||
| 590 |
_aBATCH-UPD _b10 _c20130110 _lUCH01 _h0831 |
||
| 590 |
_aBATCH-UPD _b10 _c20130410 _lUCH01 _h0509 |
||
| 590 |
_aBATCH-UPD _b10 _c20130914 _lUCH01 _h2139 |
||
| 590 |
_aCONVERSION _b10 _c20130109 _lUCH01 _h1347 |
||
| 650 | 1 | 4 | _aAgricultura sustentable. |
| 650 | 1 | 4 | _aDesarrollo sustentable. |
| 901 | _aBK | ||
| 905 | _aAlejandra Carrasco M. | ||
| 942 | _cFOLL | ||
| 949 |
_aTesis _bBC _cTES _d33724000860193 _eTS2 _fc.2 _h39012 _i96724 _sb |
||
| 949 |
_aTesis _bBC _cTES _d967241 _eTS1 _h39011 _i96724 _sb |
||
| 999 |
_c85214 _d85214 |
||